<?xml version="1.0" encoding="UTF-8"?>
<record
    xmlns:xsi="http://www.w3.org/2001/XMLSchema-instance"
    xsi:schemaLocation="http://www.loc.gov/MARC21/slim http://www.loc.gov/standards/marcxml/schema/MARC21slim.xsd"
    xmlns="http://www.loc.gov/MARC21/slim">

  <leader>00954nam a22002895a 4500</leader>
  <controlfield tag="001">18015653</controlfield>
  <controlfield tag="005">20170119124812.0</controlfield>
  <controlfield tag="008">140122s2016    nyua   frb    001 0 eng d</controlfield>
  <datafield tag="020" ind1=" " ind2=" ">
    <subfield code="a">9781681170343</subfield>
  </datafield>
  <datafield tag="020" ind1=" " ind2=" ">
    <subfield code="a">1681170345</subfield>
  </datafield>
  <datafield tag="040" ind1=" " ind2=" ">
    <subfield code="a">EG-ScBUE</subfield>
    <subfield code="b">eng</subfield>
    <subfield code="c">EG-ScBUE</subfield>
    <subfield code="d">DLC</subfield>
  </datafield>
  <datafield tag="082" ind1="0" ind2="4">
    <subfield code="2">22</subfield>
    <subfield code="a">665.5389 </subfield>
    <subfield code="b">REF</subfield>
  </datafield>
  <datafield tag="245" ind1="1" ind2="0">
    <subfield code="a">Refining used lubricating oils /</subfield>
    <subfield code="c">Editor, Preeti Dhama.</subfield>
  </datafield>
  <datafield tag="260" ind1=" " ind2=" ">
    <subfield code="a">Valley Cottage, New York :</subfield>
    <subfield code="b">SCITUS Academics LLC,</subfield>
    <subfield code="c">2016.</subfield>
  </datafield>
  <datafield tag="300" ind1=" " ind2=" ">
    <subfield code="a">306 p. :</subfield>
    <subfield code="b">ill. ;</subfield>
    <subfield code="c">19 cm.</subfield>
  </datafield>
  <datafield tag="500" ind1=" " ind2=" ">
    <subfield code="a">Index : p. 303-306.</subfield>
  </datafield>
  <datafield tag="504" ind1=" " ind2=" ">
    <subfield code="a">Bibliography : p. 293-298.</subfield>
  </datafield>
  <datafield tag="590" ind1=" " ind2=" ">
    <subfield code="a">Wessam</subfield>
  </datafield>
  <datafield tag="650" ind1=" " ind2="7">
    <subfield code="a">Petroleum waste</subfield>
    <subfield code="x">Recycling.</subfield>
    <subfield code="2">BUEsh</subfield>
    <subfield code="9">41032</subfield>
  </datafield>
  <datafield tag="650" ind1=" " ind2="7">
    <subfield code="a">Mineral oils</subfield>
    <subfield code="x">Refining.</subfield>
    <subfield code="2">BUEsh</subfield>
    <subfield code="9">41033</subfield>
  </datafield>
  <datafield tag="650" ind1=" " ind2="7">
    <subfield code="a">Lubricating oils</subfield>
    <subfield code="x">Recycling.</subfield>
    <subfield code="2">BUEsh</subfield>
    <subfield code="9">41034</subfield>
  </datafield>
  <datafield tag="650" ind1=" " ind2="0">
    <subfield code="a">Petroleum waste</subfield>
    <subfield code="x">Management.</subfield>
    <subfield code="2">BUEsh</subfield>
    <subfield code="9">41777</subfield>
  </datafield>
  <datafield tag="651" ind1=" " ind2=" ">
    <subfield code="2">BUEsh</subfield>
  </datafield>
  <datafield tag="653" ind1=" " ind2=" ">
    <subfield code="b">ENGPET</subfield>
    <subfield code="c">January2017</subfield>
  </datafield>
  <datafield tag="700" ind1="1" ind2=" ">
    <subfield code="a">Dhama, Preeti</subfield>
    <subfield code="9">41776</subfield>
    <subfield code="e">Editor</subfield>
  </datafield>
  <datafield tag="942" ind1=" " ind2=" ">
    <subfield code="2">ddc</subfield>
    <subfield code="e">22</subfield>
    <subfield code="k">665.5389 REF</subfield>
  </datafield>
  <datafield tag="999" ind1=" " ind2=" ">
    <subfield code="c">23982</subfield>
    <subfield code="d">23954</subfield>
  </datafield>
  <datafield tag="952" ind1=" " ind2=" ">
    <subfield code="0">0</subfield>
    <subfield code="1">0</subfield>
    <subfield code="2">ddc</subfield>
    <subfield code="4">0</subfield>
    <subfield code="7">0</subfield>
    <subfield code="8">Baccah</subfield>
    <subfield code="a">MAIN</subfield>
    <subfield code="b">MAIN</subfield>
    <subfield code="c">1ST</subfield>
    <subfield code="d">2017-01-19</subfield>
    <subfield code="e">Purchase</subfield>
    <subfield code="g">680.00</subfield>
    <subfield code="h">3639</subfield>
    <subfield code="l">0</subfield>
    <subfield code="o">665.5389  REF</subfield>
    <subfield code="p">000045308</subfield>
    <subfield code="r">2025-07-15 00:00:00</subfield>
    <subfield code="v">850.00</subfield>
    <subfield code="y">BB</subfield>
  </datafield>
</record>
